LIBRARY ONLINE CATALOGUE

Nutrition for Health and Health Care (Record no. 17772)

MARC details
000 -LEADER
fixed length control field 00682nam a22002177a 4500
003 - CONTROL NUMBER IDENTIFIER
control field OSt
005 - DATE AND TIME OF LATEST TRANSACTION
control field 20190625162637.0
008 - FIXED-LENGTH DATA ELEMENTS--GENERAL INFORMATION
fixed length control field 180319b xxu||||| |||| 00| 0 eng d
020 ## - INTERNATIONAL STANDARD BOOK NUMBER
International Standard Book Number 1305627963
040 ## - CATALOGING SOURCE
Transcribing agency KABU
Original cataloging agency KABU
050 ## - LIBRARY OF CONGRESS CALL NUMBER
Classification number QP143
Item number .D73 2017 C.1
100 ## - MAIN ENTRY--PERSONAL NAME
Personal name DeBrune, Kelly Linda
245 ## - TITLE STATEMENT
Title Nutrition for Health and Health Care
Statement of responsibility, etc. Linda Kelly DeBruyne and Kathryn Pinna
250 ## - EDITION STATEMENT
Edition statement 6th ed.
260 ## - PUBLICATION, DISTRIBUTION, ETC. (IMPRINT)
Place of publication, distribution, etc. USA
Name of publisher, distributor, etc. Cengage Learning
Date of publication, distribution, etc. 2017
300 ## - PHYSICAL DESCRIPTION
Extent 1 vol. (various paging)
650 ## - SUBJECT ADDED ENTRY--TOPICAL TERM
Topical term or geographic name as entry element Nutritionally induced diseases
650 ## - SUBJECT ADDED ENTRY--TOPICAL TERM
Topical term or geographic name as entry element Diiet therapy
700 ## - ADDED ENTRY--PERSONAL NAME
Personal name Kathryn Pinna
942 ## - ADDED ENTRY ELEMENTS (KOHA)
Source of classification or shelving scheme Library of Congress Classification
Koha item type General Collection
Edition 6th ed.
Classification part QP143
Item part .D73 2017 C.1
Holdings
Withdrawn status Lost status Source of classification or shelving scheme Not for loan Home library Current library Date acquired Cost, normal purchase price Total Checkouts Full call number Barcode Date last seen Date last checked out Copy number Price effective from Koha item type
    Library of Congress Classification   Kabarak, Main Campus Kabarak, Main Campus 25/06/2019 5496.96 11 QP143 .D73 2017 C.1 023487 22/02/2023 18/01/2023 c. 1 25/06/2019 General Collection